|
|
|
|
| LEADER |
00959nab#a2200325#ar4500 |
| 001 |
000072371 |
| 003 |
SVKKK |
| 005 |
20020801xxxxxxx. |
| 008 |
06 c xo huno |
| FMT |
|
|
|
| 038 |
|
|
|a SVKKK
|
| 040 |
|
|
|a SVKKK
|b slo
|e AACR2
|
| 041 |
0 |
|
|a hun
|
| 044 |
|
|
|a xo
|c SK
|
| 080 |
|
|
|a 336.7
|
| 100 |
0 |
|
|a (G. M.)
|4 aut
|
| 242 |
1 |
0 |
|a O trhu finančnom a o trhu cenných papierov
|
| 245 |
1 |
0 |
|a A pénz és értékpiacról
|c (G. M.)
|
| 300 |
|
|
|b Dokončenie
|
| 500 |
|
|
|a mikrofilm
|
| 520 |
2 |
|
|a Úvodník [pravdepodobne z pera regionálneho autora] približuje a hodnotí stav finančníctva, bankovníctva a burzy v Uhorsku v roku 1914.
|
| 650 |
0 |
4 |
|a finančníctvo - burzy - bankovníctvo - Uhorsko - rok 1914 - úvodníky
|
| 773 |
0 |
|
|t Homonna és Vidéke : Hetilap
|g Roč. 14, č. 17 (26.04.1914) s. 1
|
| 957 |
|
|
|a Uhorsko
|
| 958 |
|
|
|a DG
|
| 958 |
|
|
|a SK
|
| 974 |
|
|
|a Ba
|d 20020801
|
| 992 |
|
|
|a RBX
|
| BAS |
|
|
|
| 998 |
|
|
|a RETRO
|